| 000 | 01261cam a2200373 a 4500 | ||
|---|---|---|---|
| 001 | 16852965 | ||
| 003 | ARRUPE | ||
| 005 | 20161118083903.0 | ||
| 008 | 110701s2011 enk b 001 0 eng d | ||
| 010 | _a 2011289766 | ||
| 015 |
_aGBB097906 _2bnb |
||
| 016 | 7 |
_a015629161 _2Uk |
|
| 020 | _a9780199580057 (hbk. : acidfree paper) | ||
| 020 | _a0199580057 (hbk. : acidfree paper) | ||
| 035 | _a(OCoLC)ocn656767602 | ||
| 040 |
_aUKM _cUKM _dYDXCP _dCDX _dSINIE _dDLC |
||
| 042 | _alccopycat | ||
| 050 | 0 | 0 |
_aK460 _b.F574 2011 |
| 082 | 0 | 4 |
_a340.112 _222 |
| 100 | 1 |
_aFinnis, John. _927519 |
|
| 245 | 1 | 0 |
_aReason in action / _cJohn Finnis. _bCollected Essays Vol. 1 |
| 260 |
_aOxford ; _aNew York : _bOxford University Press, _c2011. |
||
| 300 |
_a365 p. ; _c24 cm. |
||
| 490 | 1 |
_aCollected essays ; _vv. 1 |
|
| 504 | _aIncludes bibliographical references (p. [337]-344) and index. | ||
| 650 | 0 |
_aNatural law. _93966 |
|
| 650 | 0 |
_aEthics. _927520 |
|
| 650 | 0 |
_aPractical reason. _912118 |
|
| 650 | 0 |
_aLaw and ethics. _927521 |
|
| 800 | 1 |
_aFinnis, John. _tCollected essays ; _vv. 1. _927522 |
|
| 906 |
_a7 _bcbc _ccopycat _d2 _encip _f20 _gy-gencatlg |
||
| 942 |
_2lcc _cMONOGRAPH |
||
| 999 |
_c125749 _d125749 |
||